000 00429nam a2200181Ia 4500
008 170705s9999 xx 000 0 und d
020 _a590473409
245 _aAnansi :
245 _ba tale from the Ashanti the spider /
245 _cGerald McDermott.
260 _aNew York :
260 _bScholastic,
260 _c1972
300 _aunpaged :
300 _bcolor illustration ;
300 _c19cm.
500 _a290
999 _c335459
_d335459